000 00729nam a2200289Ia 4500
005 20260324123730.0
008 008 260324s9999 xx 000 0 eng d
020 _a9780203851265
037 _aEBOOK
040 _aCRL
040 _beng
040 _cCRL
041 _2eng
041 _aeng
084 _qCRL
100 _aJohn Allen Hendricks; Lynda Lee Kaid
_91171443
245 0 _aTechno Politics in Presidential Campaigning
245 0 _bNew Voices, New Technologies, and New Voters
260 _bTaylor and Francis
260 _c2011
365 _a
365 _b230
856 _uhttp://www.taylorfrancis.com/books/9780203851265
942 _cEBOOK
999 _c1765207
_d1765207